000 00309nam a22001337a 4500
008 170802b xxu||||| |||| 00| 0 eng d
020 _a0123418097
041 _aeng
080 _a004
100 _a32
101 _aSHK
245 _aTREATISE ON MATERIALS SCIENCE AND TECHNOLOGY
_cWANG,F.F
942 _2udc
_cBK
999 _c22538
_d22538